banner-ar

تطور الاوضاع الديمقراطية فى مصر 2009 / (Record no. 59822)

MARC details
000 -الفاتح
حقل البيانات ثابتة الطول 01305nam a22003017a 4500
005 - وقت وتاريخ اخر تعامل مع التسجيلة
رقم الضبط 20240530110338.0
008 - عناصر البيانات ثابتة الطول - معلومات عامة
حقل البيانات ثابتة الطول 141022s2009 le gr 000 0 ara d
017 ## - رقم الايداع القانونى
رقم الايداع القانونى 19033/2010
040 ## - مصدر الفهرسة
وكالة الفهرسة الأصلية EG-CaGPL
082 ## - رقم تصنيف ديوى العشرى
رقم الطبعة 21
رقم التصنيف 320.962\
رقم المادة ق/ر ت
100 0# - المدخل الرئيسى - إسم شخصى
الإسم الشخصى رابحة علام
245 1# - بيان العنوان
العنوان تطور الاوضاع الديمقراطية فى مصر 2009 /
بيان المسئوليه,etc اعداد : رابحة علام ، على حسن على ، مافى ماهر ؛ اشراف عمرو الشوبكى
260 ## - PUBLICATION, DISTRIBUTION, ETC. (IMPRINT)
تاريخ النشر أو التوزيع [ 2009 ]
300 ## - الوصف المادى
التعداد 254 ص ؛
أبعاد الوعاء 24 سم
650 04 - المدخل الاضافى بالموضوع-مصطلح موضوعى
مصطلح موضوعي الاحتجاجات
650 04 - المدخل الاضافى بالموضوع-مصطلح موضوعى
مصطلح موضوعي انتخابات الانديه
650 04 - المدخل الاضافى بالموضوع-مصطلح موضوعى
مصطلح موضوعي الديمقراطية
التقسيم الفرعي الجغرافي مصر
651 04 - المدخل الاضافى بالموضوع - اسم جغرافى
الاسم الجغرافي مصر
التقسيم الفرعي العام الاحوال السياسية
651 04 - المدخل الاضافى بالموضوع - اسم جغرافى
الاسم الجغرافي مصر
التقسيم الفرعي العام المجتمع المدنى
651 04 - المدخل الاضافى بالموضوع - اسم جغرافى
الاسم الجغرافي مصر
التقسيم الفرعي العام الاحزاب السياسية
651 04 - المدخل الاضافى بالموضوع - اسم جغرافى
الاسم الجغرافي مصر
التقسيم الفرعي العام قوانين وتشريعات
653 ## - مصطلح تكشيفى غير مقيد
مصطلح غير مقيد المشاركة المجتمعية
700 0# - المدخل الاضافى - اسم شخصى
الإسم الشخصى عمرو الشوبكى
الدور مشرف
700 0# - المدخل الاضافى - اسم شخصى
الإسم الشخصى على حسن على
الدور معد
700 0# - المدخل الاضافى - اسم شخصى
الإسم الشخصى مافى ماهر
الدور معد
942 ## - عناصر المدخل الإضافي( كوها)
مصدر التصنيف او مخطط الترفيف Dewey Decimal Classification
Koha [default] item type كتاب
260 ## - PUBLICATION, DISTRIBUTION, ETC. (IMPRINT)
-- القاهرة :
-- الجمعية المصرية للنهوض بالمشاركة المجتمعية ،
Holdings
حالة التراجع حالة الفقد حالة تلف ليس للاعارة المكان المؤقت الموقع الحالى تاريخ الاكتساب اجمالي اﻻعارات رقم الطلب الباركود تاريخ اخر مشاهدة تاريخ تفعيل السعر نوع وعاء كوها
        مكتبة القاهرة الكبرى مكتبة القاهرة الكبرى 10/22/2014   320.962\ ق/ر ت 158776 10/05/2022 10/22/2014 كتاب

Powered By

EGPV